|
|
|
|
| LEADER |
01585nam a2200421 a 4500 |
| 001 |
000917468 |
| 003 |
CZ BrMZK |
| 005 |
20081103071735.0 |
| 007 |
ta |
| 008 |
081009s2002 xr a e f 000 0 cze |
| 015 |
|
|
|a cnb001823297
|
| 020 |
|
|
|a 978-80-87165-15-7
|q (brož.)
|
| 035 |
|
|
|a (OCoLC)294936520
|
| 040 |
|
|
|a BOA001
|b cze
|
| 072 |
|
7 |
|a 373.2/.3
|x Předškolní a primární výchova a vzdělávání
|2 Konspekt
|9 22
|
| 080 |
|
|
|a 373.2
|2 MRF
|
| 080 |
|
|
|a 37.032/.035
|2 MRF
|
| 080 |
|
|
|a (072)
|2 MRF
|
| 080 |
|
|
|a (076.1)
|2 MRF
|
| 100 |
1 |
|
|a Přikrylová, Gabriela,
|d 1973-
|7 pna2006370580
|4 ill
|
| 245 |
1 |
0 |
|a Hrajeme si a rozvíjíme schopnosti učení, schopnost projevovat se jako samostatná osobnost působící na své okolí, osvojujeme si základy hodnot, na nichž je založena naše společnost /
|c Gabriela a Milada Přikrylovy
|
| 250 |
|
|
|a 1. vyd.
|
| 260 |
|
|
|a Kroměříž :
|b Plus,
|c c2002
|
| 300 |
|
|
|a 30 l. :
|b il. ;
|c 30 cm
|
| 490 |
1 |
|
|a Barevné kamínky
|
| 490 |
1 |
|
|a Hrajeme si
|
| 500 |
|
|
|a Název z obálky
|
| 650 |
0 |
7 |
|a předškolní výchova
|7 ph124887
|2 czenas
|
| 650 |
0 |
7 |
|a osobnostní a sociální výchova
|7 ph351300
|2 czenas
|
| 655 |
|
7 |
|a metodické příručky
|7 fd132826
|2 czenas
|
| 655 |
|
7 |
|a pracovní listy
|7 fd250497
|2 czenas
|
| 700 |
1 |
|
|a Přikrylová, Milada,
|d 1966-2018
|7 pna2006370579
|4 aut
|
| 830 |
|
0 |
|a Barevné kamínky
|0 s
|
| 830 |
|
0 |
|a Hrajeme si
|0 s
|
| 910 |
2 |
|
|a BOA001
|b 4-1212.631
|
| 990 |
|
|
|a BK
|
| 991 |
|
|
|b 200811
|c NOV
|
| 996 |
6 |
|
|b 2610358195
|c 4-1212.631
|l MZK
|r Sklad / do 1 hodiny
|n 7
|p p.v.
|w 000917468
|u 000010
|a 1
|e BOA001
|j MZK50
|s P
|